ბათუმის შოთა რუსთაველის სახელმწიფო უნივერსიტეტის ბიბლიოთეკა

საქართველოს სამოქალაქო კოდექსის კომენტარი : (ბიბ.ჩანაწერი № 63343)

000 -ლიდერი
ფიქსირებული სიგრძის საკონტროლო ველი 01114nam a22001817a 4500
003 - საკონტროლო ნომრის იდენტიფიკატორი
საკონტროლო ველი Ge_BSU
005 - ბოლო ოპერაციის თარიღი და დრო
საკონტროლო ველი 20250922190428.0
008 - ფიქსირებული სიგრძის მონაცემთა ელემენტები - ზოგადი ინფორმაცია
ფიქსირებული სიგრძის საკონტროლო ველი 250922s2001 ge ||||| |||| 00| 0 geo d
041 ## - ენის კოდი
Language code of text/sound track or separate title geo
080 ## - უნივერსალური ათობითი კლასიფიკაციის ინდექსი
Universal Decimal Classification number 347(479.22)(094.4) ს-32
245 ## - ცნობა სათაურის შესახებ
Title საქართველოს სამოქალაქო კოდექსის კომენტარი :
Remainder of title [5 წიგნად]. წ. 4, ვალდებულებითი სამართალი. კერძო ნაწილი. ტ. 2 : მუხლები 755-1008 /
Statement of responsibility, etc [სარედ. კოლ.: ლადო ჭანტურია (მთ. რედ.) და სხვ.]
264 ## - წარმოების, გამოცემის, დისტრიბუციის და სხვა ცნობები
გამოცემის, წარმოების, დისტრიბუციის... ადგილი თბილისი :
გამოცემის, წარმოების, დისტრიბუციის... სახელწოდება სამართალი,
გამოცემის, წარმოების, დისტრიბუციის... თარიღი 2001.
300 ## - ფიზიკური აღწერა
Extent 432 გვ.;
Other physical details 20 სმ.
653 ## - INDEX TERM--UNCONTROLLED
Uncontrolled term საქართველოს სამოქალაქო კოდექსი
653 ## - INDEX TERM--UNCONTROLLED
Uncontrolled term საქართველოს ვალდებულებითი სამართალი
700 ## - ADDED ENTRY--PERSONAL NAME
Personal name ჭანტურია, ლადო
Relator term რედაქტორი
9 (RLIN) 25849
942 ## - ADDED ENTRY ELEMENTS (KOHA)
Source of classification or shelving scheme
Koha item type წიგნი
ეგზემპლარები
ჩამოწერის სტატუსი დაკარგული ეგზემპლარის სტატუსი კლასიფიკაციის წყარო ან თაროზე გაწყობის სქემა დაზიანების სტატუსი არ გაიცემა მუდმივი მდებარეობა (დაცვის ადგილი) ამჟამინდელი ადგილსამყოფელი თაროზე განთავსების ადგილი შეძენის თარიღი ღირებულება, შესყიდვის ნორმალური ფასი სრული შენახვის შიფრი შტრიხკოდი ბოლო ოპერაციის თარიღი ეგზემპლარის მიმდევრობითი ნომერი (კეტერი?) ფასის ძალაში შესვლის თარიღი ეგზემპლარის სახეობა საჯარო შენიშვნა
          ბათუმის შოთა რუსთაველის სახელმწიფო უნივერსიტეტის მთავარი ბიბლიოთეკა ბათუმის შოთა რუსთაველის სახელმწიფო უნივერსიტეტის მთავარი ბიბლიოთეკა წიგნსაცავი 2025-09-22 10.00 347(479.22)(094.4) ს-32 72386 2025-09-22 72386 2025-09-22 წიგნი 10 ლ.